Things That Exist - Sudden Death - Statistics

General Stats
  • This quiz has been taken 135 times
  • The average score is 3 of 17
Answers on the Grid
Answers color-coded by a green-red scale on the quiz's grid according to % correct below.
Everything
Nothing
Humans
Cats
Consciousness
Zombies
Mammoths
William Shakespeare
The truth
Time
Common sense
Energy
Quarks
Anti-quarks
Preons (Sub-Quarks)
Sub-Preons
Universal Fabric of Spacetime
Rules
You
Oxygenated Underwater Breathing Apparatus
Rainbow Trees
HIV Vaccine
Nanobacteria
White hole
Black dwarf
Wearable generator
Micro black hole
Aliens
Dark matter
Anti-Dark matter
Anti-elements
Anti-gravity
Water engine
Self-replicating machine
Paradox
Justice
 
Answer Stats
Answer % Correct
Humans
52%
Cats
44%
Energy
33%
hopefully You
33%
Time
31%
He DID exist. William Shakespeare
20%
You experienced this, I hope. Consciousness
16%
Extinct Mammoths
16%
Everything
15%
Justice
12%
Quarks
12%
It's called scuba gear. Oxygenated Underwater Breathing Apparatus
7%
Paradox
7%
Anti-elements
1%
Anti-quarks
0%
The Rainbow eucalyptus Rainbow Trees
0%
Ant zombies Zombies
0%
No matching quizzes found
Score Distribution
Percent of People with Each Score
Percentile by Number Answered
Your Score History
You have not taken this quiz